Biblioteca y Centro de Documentación

Régimen jurídico de las Administraciones Públicas y procedimiento administrativo (Registro nro. 19564)

Detalles MARC
000 -CABECERA
Longitud fija campo de control 01721nam a2200409 c 4500
001 - NÚMERO DE CONTROL
Número de control 19564
003 - IDENTIFICADOR DE NÚMERO DE CONTROL
Identificador del número de control ES-MaCES
005 - FECHA Y HORA DE LA ÚLTIMA TRANSACCIÓN
Fecha y hora de la última transacción 20201117115850.0
008 - CAMPO FIJO DE DESCRIPCIÓN FIJA--INFORMACIÓN GENERAL
Códigos de información de longitud fija   061212s2006 sp l 000 | spa d
017 ## - NÚMERO DE REGISTRO DE DERECHOS DE AUTOR Y DEPÓSITO LEGAL
Número de copyright o de depósito legal NA 2008-2006
Agencia que asigna el número DL
020 ## - ISBN (INTERNATIONAL STANDARD BOOK NUMBER)
Número Internacional Normalizado para Libros (ISBN) 8497675789
035 ## - NÚMERO DE CONTROL DEL SISTEMA
Número de control del sistema CES20060015466m
040 ## - FUENTE DE CATALOGACIÓN
Centro catalogador de origen ES-MaCES
Lengua de catalogación spa
Centro transcriptor ES-MaCES
245 00 - MENCIÓN DE TÍTULO
Título Régimen jurídico de las Administraciones Públicas y procedimiento administrativo
250 ## - MENCIÓN DE EDICIÓN
Mención de edición 10ª ed.
Resto de la mención de edición / preparada por Juan Manuel Herrero de Egaña Espinosa de los Monteros
260 ## - PUBLICACIÓN, DISTRIBUCIÓN, ETC (PIE DE IMPRENTA)
Lugar de publicación, distribución, etc. Cizur Menor (Navarra)
Nombre del editor, distribuidor, etc. Thomson Aranzadi
Fecha de publicación, distribución, etc. 2006
300 ## - DESCRIPCIÓN FÍSICA
Extensión 2015 p.
Dimensiones 21 cm
490 1# - MENCIÓN DE SERIE
Mención de serie Colección Códigos básicos Aranzadi
Designación de volumen o secuencia 20
500 ## - NOTA GENERAL
Nota general Tít. de la cub.: Código del régimen jurídico de las Administraciones Públicas y procedimiento administrativo
500 ## - NOTA GENERAL
Nota general Índices
541 ## - NOTA DE LA FUENTE INMEDIANTE DE ADQUISICIÓN
Forma de adquisición Compra
650 #4 - ASIENTO SECUNDARIO DE MATERIA--TÉRMINO DE MATERIA
Término de materia o nombre geográfico como elemento inicial administración pública
9 (RLIN) 27214
650 #4 - ASIENTO SECUNDARIO DE MATERIA--TÉRMINO DE MATERIA
Término de materia o nombre geográfico como elemento inicial procedimiento administrativo
9 (RLIN) 30919
650 #4 - ASIENTO SECUNDARIO DE MATERIA--TÉRMINO DE MATERIA
Término de materia o nombre geográfico como elemento inicial España
9 (RLIN) 26964
650 #4 - ASIENTO SECUNDARIO DE MATERIA--TÉRMINO DE MATERIA
Término de materia o nombre geográfico como elemento inicial Comunidades Autónomas
9 (RLIN) 30768
650 #4 - ASIENTO SECUNDARIO DE MATERIA--TÉRMINO DE MATERIA
Término de materia o nombre geográfico como elemento inicial legislación
9 (RLIN) 27153
650 #4 - ASIENTO SECUNDARIO DE MATERIA--TÉRMINO DE MATERIA
Término de materia o nombre geográfico como elemento inicial texto
9 (RLIN) 29624
653 10 - TÉRMINO DE INDEXACIÓN--NO CONTROLADO
Término no controlado Legislación
700 1# - ENCABEZAMIENTO SECUNDARIO--NOMBRE PERSONAL
9 (RLIN) 14769
Nombre de persona Herrero de Egaña y Espinosa de los Monteros, Juan Manuel
Término indicativo de función ed. lit.
740 02 - ENCABEZAMIENTO SECUNDARIO--TÍTULO ANALÍTICO/RELACIONADO NO CONTROLADO
Título relacionado o analítico no controlado Código del régimen jurídico de las Administraciones Públicas y procedimiento administrativo
775 0# - ENTRADA DE OTRA EDICIÓN
Título Régimen jurídico de las Administraciones Públicas y procedimiento administrativo
Número de control del registro relacionado (ES-MaCES)20618
775 0# - ENTRADA DE OTRA EDICIÓN
Título Régimen jurídico de las Administraciones Públicas y procedimiento administrativo
Número de control del registro relacionado (ES-MaCES)18102
830 #0 - ENCABEZAMIENTO SECUNDARIO DE COLECCIÓN--TÍTULO UNIFORME
Título uniforme Colección Códigos básicos Aranzadi
Designación de volumen o secuencia 20
9 (RLIN) 32116
902 ## - CES. TIPO DE DOCUMENTO
Tipodoc (006$c Sirtex) LIB Libro
942 ## - ELEMENTOS KOHA
Fuente de clasificaión o esquema Clasificación propia del CES
Koha [por defecto] tipo de item Monografías
Parte de clasificación Legislación
Existencias
Número de registro Signatura completa Tipo de item de Koha
066226 DPT-13663 Monografías
© CES, Consejo Económico y Social de España 2021